[Event "Olympiad-34"]
[Site "Istanbul"]
[Date "2000.10.31"]
[Round "4.1"]
[White "Kortschnoj, Viktor Lvovich"]
[Black "Efimov, Igor"]
[Result "1-0"]
[WhiteElo "2620"]
[BlackElo "2520"]
[Annotator "Finkel,A"]
[PlyCount "73"]
[EventDate "2000.10.28"]
[EventType "team-swiss"]
[EventRounds "14"]
[EventCountry "TUR"]
[SourceTitle "EXT 2001"]
[Source "ChessBase"]
[SourceDate "2000.11.22"]
[SourceVersion "1"]
[SourceVersionDate "2000.11.22"]
[SourceQuality "1"]
[WhiteTeam "Switzerland"]
[BlackTeam "Italy"]
[WhiteTeamCountry "SUI"]
[BlackTeamCountry "ITA"]

1. d4 d6 2. e4 Nf6 3. f3 {A ploy often used by players who employ the Saemisch
Variation against the King's Indian as after 3...g6, White would play 4.c4!} d5
4. e5 (4. Nc3 dxe4 5. Bg5 $5 exf3 6. Nxf3 e6 7. Bd3 Be7 8. O-O Nc6 9. Kh1 Nb4
10. Ne5 O-O $5 11. Bxf6 Bxf6 12. Bxh7+ Kxh7 13. Qh5+ Kg8 14. Ne4 g6 15. Nxg6
fxg6 16. Qxg6+ Bg7 17. Ng5 Rf6 18. Qh7+ Kf8 19. Qg6 Kg8 $10 {Ward,C-Hodgson,J/
BCF-ch Dundee/1993/}) 4... Ng8 (4... Nfd7 5. f4 c5 6. Nf3 Nc6 7. Be3 $1 cxd4 8.
Nxd4 Nxd4 9. Bxd4 Nb8 10. Nc3 Nc6 11. Bb5 e6 12. a3 Bd7 13. Bxc6 Bxc6 $2 14.
O-O g6 15. Qd2 $16 {Gelfand,B-Adams,M Wijk aan Zee 1994.}) 5. c4 {The most
ambitious and dangerous for black reply.} (5. c3 c5 6. f4 cxd4 7. cxd4 Nc6 8.
Nc3 Nh6 $1 9. Be2 Nf5 10. Nf3 e6 11. a3 Bd7 $13 {Gofshtein,L-Beim,V/Tel Aviv/
1992/}) (5. Be3 e6 6. f4 Nh6 7. Nd2 Nf5 8. Bf2 h5 9. Bd3 Be7 10. Ne2 g6 11. c3
b6 12. O-O Qd7 13. Nf3 Ba6 14. Bc2 Kf8 $13 {Ionescu,C-Varga,Z/zt 1.4 2000})
5... dxc4 (5... e6 6. Nc3 (6. cxd5 exd5 $5 7. Nc3 Bb4 8. Bd3 Ne7 $13) 6... dxc4
7. Be3 (7. Bxc4 c5 $1) 7... Nd7 8. Qa4 (8. f4 Nb6 9. Bxc4 Nxc4 10. Qa4+ Bd7 11.
Qxc4 Bc6 12. Nf3 Ne7 $17) 8... Ne7 9. Bxc4 Nf5 10. Bf2 c6 $1 $132 {Van der
Sterren,P-Speelman,J/Moscow olm 1994}) (5... c6 6. Nc3 h5 $6 (6... Be6 $6 7. c5
g6 8. b4 Nd7 9. Nge2 Qc7 10. Nf4 $16 {Ward,C-Trygstad,K/Politiken Cup 1999}) (
6... e6 $5) 7. Bd3 g6 $6 8. Nge2 Nh6 9. Bg5 Nf5 10. Qb3 $16 {Yevseev,
D-Vorotnikov,V/RUS-ch KO 1999} (10. cxd5 $5 cxd5 11. Qb3 Nc6 12. Bxf5 Bxf5 13.
Qxb7 Rc8 14. Rc1 $16)) 6. Bxc4 e6 (6... Nc6 7. Ne2 e6 8. O-O Nge7 9. Be3 Nf5
10. Bf2 Be7 11. Nbc3 O-O 12. a3 Kh8 13. Qd3 $14 {Andrianov,N-Beim,V/Rishon le
Zion 1993}) 7. f4 (7. Ne2 Ne7 8. Be3 c5 9. dxc5 Qxd1+ 10. Kxd1 Nd7 11. Bb5 Nc6
12. Nbc3 Ndxe5 13. Kc2 Bd7 $13 {Dreev,A-Kotsur,P/Open 1999}) 7... Nd7 (7... Ne7
8. Nf3 Nbc6 9. Nc3 {1/2-1/2 Psakhis,L-Beim,V/Herzliya 1993}) 8. Nf3 Nb6 9. Bb3
Bd7 10. f5 $5 Bb4+ $6 {Probably black had to take the pawn although even in
this case his position wouldn't be very promising.} (10... exf5 11. Ng5 Nh6 12.
Qh5 Bb4+ 13. Nc3 O-O 14. O-O $36 {[%csl Rh6]}) 11. Nc3 Ne7 (11... exf5 12.
Bxf7+ Kxf7 13. Qb3+ Be6 14. Qxb4 h6 15. O-O Qe7 16. Qa5 $14) 12. fxe6 Bxe6 (
12... fxe6 13. Ng5 Nbd5 14. O-O Nxc3 15. Qf3 Ne2+ 16. Qxe2 $16) 13. O-O Bxb3 (
13... O-O 14. Bxe6 fxe6 15. Qb3 Ned5 16. Nxd5 Nxd5 17. a3 $16) 14. Qxb3 Bxc3 (
14... Ned5 15. Nxd5 Nxd5 16. a3 Ba5 17. Qxb7 $16) 15. bxc3 Qd5 16. Ba3 h6 {
[%csl Gg5]} ({Deserved attention} 16... Nc6 17. Ng5 (17. Bc5 Na5) 17... Nd8 18.
Bc5 Nc4 $16) 17. e6 f6 (17... fxe6 18. Bxe7 Kxe7 19. Ne5 Qxb3 20. axb3 Rhg8 21.
Rf7+ Kd6 22. c4 c5 23. Nd3 $16) (17... Qxb3 18. axb3 fxe6 19. Rae1 Nc6 20.
Rxe6+ Kd7 21. Rg6 $16 {[%cal Gc3c4,Gd4d5]}) 18. Nh4 (18. Bxe7 Kxe7 19. Rae1
Qxb3 20. axb3 g5 $14) 18... Qxb3 19. axb3 Nbc8 20. Nf5 Nxf5 $6 {After this
move black can hardly hope to survive.} (20... Rg8 21. c4) 21. Rxf5 b6 $6 22.
Rd5 $1 $18 Nd6 $8 23. Bxd6 cxd6 24. Rxd6 Ke7 25. Rd7+ Kxe6 26. Rxg7 a5 27. Re1+
Kf5 (27... Kd5 28. Rd7+ Kc6 29. Rf7 Raf8 30. Re6+ Kb5 31. Rexf6 $18) 28. Rge7
Rac8 29. Rf1+ Kg6 (29... Kg5 30. Re3 f5 31. Rg3+ Kf6 32. Rgf3 $18) 30. Re6 Rhf8
31. c4 b5 32. c5 $1 Rcd8 33. Rd1 Rd5 34. Rb6 Re8 35. Rxb5 Re2 36. Rd3 Rf5 37.
Rf3 1-0

[Event "Olympiad-34"]
[Site "Istanbul"]
[Date "2000.11.02"]
[Round "6.1"]
[White "Magai, Vladimir"]
[Black "Efimov, Igor"]
[Result "1-0"]
[WhiteElo "2546"]
[BlackElo "2520"]
[Annotator "Finkel,A"]
[PlyCount "131"]
[EventDate "2000.10.28"]
[EventType "team-swiss"]
[EventRounds "14"]
[EventCountry "TUR"]
[SourceTitle "EXT 2001"]
[Source "ChessBase"]
[SourceDate "2000.11.22"]
[SourceVersion "1"]
[SourceVersionDate "2000.11.22"]
[SourceQuality "1"]
[WhiteTeam "Kyrgyzstan"]
[BlackTeam "Italy"]
[WhiteTeamCountry "KGZ"]
[BlackTeamCountry "ITA"]

1. d4 d6 2. e4 Nf6 3. Bd3 e5 4. c3 Be7 {Slightly passive,but very solid
continuation giving black good chanses to equalize.} 5. Nf3 Nbd7 6. O-O O-O 7.
Re1 Re8 (7... c6 8. Nbd2 Re8 9. Nf1 Bf8 10. Ng3 Qc7 11. h3 b6 12. Qc2 Bb7 13.
Be3 a6 14. a4 $14 {Eisterer,H-Lau,R/Carl Schlechter mem 1996}) (7... a6 8. Nbd2
b5 9. a4 Rb8 10. b4 c5 11. axb5 axb5 12. Qe2 exd4 13. cxd4 c4 14. Bc2 d5 15. e5
$14 {Godena,M-Varga,Z/9th Ticino Open 1999}) 8. Nbd2 Bf8 9. a4 $5 (9. h3 g6 10.
dxe5 dxe5 11. Nc4 Bg7 12. Bg5 h6 13. Be3 Qe7 14. Qe2 Nh5 15. Qd2 g5 $13 {
Beshara,N-Ismail,H/It 1998}) (9. Nf1 g6 10. Ng3 Bg7 11. h3 b6 12. Bg5 h6 13.
Be3 Bb7 14. d5 c6 15. c4 a5 16. Qd2 $14 {Popovic,P-Damljanovic,B/JUG-chT 1994})
(9. Bc4 c6 10. Bb3 g6 11. a4 Qc7 12. h3 h6 13. Bc2 Bg7 14. dxe5 dxe5 15. Nc4
Bf8 $13 {Morin,Y-Schmidt Schaeffer,S/Cannes op 1995}) 9... h6 $5 {Black
forgets about typical breakthrough in the center:} (9... d5 $5 10. exd5 (10.
dxe5 Nxe5 11. Nxe5 Rxe5 12. Nf3 (12. f4 $6 Re8 13. e5 Bc5+ 14. Kh1 Ng4 $19 {
[%csl Gf2][%cal Gg4f2]}) 12... Bg4 13. Bf4 Bxf3 14. Qxf3 dxe4 $11) (10. Qc2
exd4 11. Nxd4 Nc5 $5 (11... dxe4 12. Nxe4 Nxe4 13. Bxe4 g6 $1 $11) 12. e5 Nxd3
13. Qxd3 Ng4 14. N2f3 c5 $13) 10... exd4 11. Rxe8 Qxe8 12. Nxd4 Qe5 13. Nc4
Qxd5 14. Ne3 Qe5 $11) 10. a5 Rb8 $6 (10... d5 $1) 11. b4 $14 b5 $6 (11... c6)
12. axb6 axb6 13. Bb5 $1 exd4 (13... Bb7 14. d5 Ra8 15. Rxa8 Qxa8 16. c4 c6 17.
dxc6 Bxc6 18. Bxc6 Qxc6 19. Bb2 $14) 14. Nxd4 Bb7 15. Nc6 Bxc6 16. Bxc6 $16 {
White bishop on c6 is stronger that both black rooks!} Re7 (16... b5 17. Nf3
Rb6 18. Nd4 Re7 19. Bb2 Nb8 20. Ra8 $1 $16 {[%csl Rb6,Rb8,Re7][%cal Ga8d8]})
17. Nf3 Ne5 18. Nd4 $1 d5 $8 19. f4 Ng6 (19... Nc4) 20. e5 Ne4 21. Qd3 $6 (21.
c4 $1 $18 {[%csl Re4]}) 21... Re6 22. Bxd5 $6 {White choses the worst option
out of those that he had!} (22. Nxe6 fxe6 23. Bd2 (23. Rxe4 dxe4 24. Bxe4 Qxd3
25. Bxd3 Ne7 26. Kf1 Nd5 27. Bd2 $18) 23... Ne7 24. Ba4 c5 25. Bc2 c4 26. Qe2
$18) 22... Qxd5 23. Qxe4 Qxe4 24. Rxe4 Ree8 25. Nc6 Ra8 26. Rxa8 Rxa8 27. Bd2
$16 b5 (27... Ne7 28. Nxe7+ Bxe7 29. Rd4 c5 30. Rd7 Kf8 31. Kf2) 28. f5 Ne7 29.
Nd4 $1 Rd8 30. Be1 Rd5 31. Kf1 c5 (31... g6 32. g4 h5 33. h3 hxg4 34. hxg4 c5
35. bxc5 Rxc5 $16) 32. bxc5 Rxc5 33. Ke2 g6 34. g4 Nd5 35. Kd3 Nb6 36. e6 $1
$18 {[%cal Ge6e7] Now white is easily wining,but the advantures has just begun!
} gxf5 37. Nxf5 $5 (37. gxf5 fxe6 38. fxe6 Be7 39. Bf2) 37... fxe6 38. Rxe6 {
[%cal Ge6b6,Ge6g6]} Nd7 39. Nxh6+ Kh7 40. Bd2 $2 ({Why not} 40. Kc2 $1 Bxh6 41.
Re7+ Kg6 42. Rxd7 Bg7 43. Kb3 $18) 40... Rd5+ 41. Kc2 Ne5 (41... Rxd2+ 42. Kxd2
Bxh6+ 43. Kc2 Bg5 $1) 42. h3 Rxd2+ 43. Kxd2 Bxh6+ 44. Kc2 (44. Ke2 $1) 44...
Bg7 45. Kb3 {[%csl Rb5]} Nd3 46. Re3 Nf4 47. Rf3 Nd5 48. h4 $6 (48. c4 bxc4+
49. Kxc4 Ne7 50. Kd3 Ng6 51. Ke4 $16) 48... Nf6 49. Rf4 Nd5 50. Rf7 Ne3 51. Rb7
(51. g5 Kg6 52. Rb7 Nf5 53. Rb6+ Kh5 54. Rxb5 Nxh4 $14) 51... Nxg4 $14 52. Rxb5
Ne5 53. Rd5 Bf6 $4 {Now black is lost again,while after} (53... Kg6 54. c4 Kh5
55. Rd4 Nxc4 56. Rxc4 Bf6 $11 {the position is drawn.}) 54. c4 Kg6 55. c5 Nc6 (
55... Kh5 56. c6 $18 {[%cal Gc6c8]}) 56. h5+ $18 Kf7 57. Kc4 Ne7 58. Rd2 Kg7
59. Rd7 Kf7 (59... Kh6 60. Rd6 Kg5 61. h6 Nf5 62. Rd5 Kf4 63. Rxf5+ Kxf5 64. c6
{[%cal Gh6h8,Gc7c8,Gc6c8]} Ke6 65. Kc5 Ke7 66. Kb6 $18) 60. c6 Ke6 61. Kc5 Bg5
62. Rd3 Bf4 63. h6 $1 Ng6 (63... Bxh6 64. Rd6+ $18) 64. h7 Ke7 65. Rd7+ Ke6 66.
Rg7 1-0

[Event "Vidmar Memorial 14th"]
[Site "Portoroz"]
[Date "2001.07.05"]
[Round "3"]
[White "Sermek, Drazen"]
[Black "Volokitin, Andrei"]
[Result "0-1"]
[WhiteElo "2579"]
[BlackElo "2551"]
[Annotator "Finkel,A"]
[PlyCount "96"]
[EventDate "2001.07.03"]
[EventType "tourn"]
[EventRounds "9"]
[EventCountry "SLO"]
[EventCategory "14"]
[SourceTitle "CBM 085"]
[Source "ChessBase"]
[SourceDate "2001.11.13"]
[SourceVersion "1"]
[SourceVersionDate "2001.11.13"]
[SourceQuality "1"]

1. e4 d6 2. d4 Nf6 3. Nc3 g6 4. g3 Bg7 5. Bg2 O-O 6. Nge2 e5 7. h3 Nc6 8. Be3
Bd7 {Very solid set up, leading to a slightly passive position.} 9. O-O a6 10.
a4 exd4 11. Nxd4 Re8 12. Re1 Qc8 (12... Nb4 13. Nb3 (13. g4 c5 14. Nde2 Bc6 15.
Ng3 b6 (15... Qa5 16. Qd2 Rad8 17. g5 Nd7 18. Nd1 Ne5 19. c3 Nbd3 20. Rf1 d5 $1
$17 {Freitag,R-Polzin,R/Travemuende op 1995}) 16. g5 Nd7 17. f4 Nf8 18. Qd2 Qc7
19. Nd1 Bb7 20. c3 $14 {Markowski,T-Gallagher,J/Geneva op 1996}) (13. Qd2 c5
14. Nde2 Bc6 15. f3 {1/2-1/2 Schumacher,H-Deleyn,G/BEL-chT9697 1997}) 13... Bc6
14. Qd2 a5 15. Bd4 b6 16. Kh2 Qc8 17. Re2 Qb7 18. Rae1 Re6 19. f3 Rae8 20. Bf2
$14 {Vajda,L-Hoang Than Trang/Budapest FS02 IM-A 1994}) (12... Na5 $5 13. Bf4
$6 Nh5 14. Bc1 c5 15. Nde2 Bc6 16. g4 Nf6 17. Ng3 Nc4 18. Re2 Nd7 $132 {
Lazic,M-Mozetic,D/JUG-chT 1995}) 13. Kh2 (13. g4 h5 14. g5 (14. f3) 14... Nh7
15. h4 (15. Nxc6 $6 bxc6 16. Kh2 Rb8 17. Rb1 c5 18. Qd3 Bc6 19. Bd2 Rb4 $15 {
Cioara,A-Svetushkin,D/Bucharest Primavara 1998}) 15... Ne5 (15... Bh3 $132) 16.
f3 Bh3 17. Bf2 c6 18. Bh1 a5 19. b3 Qc7 20. Qd2 Bd7 $13 {Raetsky,A-Sturua,Z/
MTO Open 2000}) 13... Re5 {Accepting a challenge! After this move the
charecter of the position changes drustically} (13... Rb8 14. f4 Nb4 15. Bf2 b6
16. Re2 h6 17. Qd2 c6 18. a5 b5 19. Nb3 Be6 20. Qxd6 Nxc2 21. Rxc2 Bxb3 $13 {
Khenkin,I-Mowsziszian,K/Weilburg op 1995}) 14. f4 $5 (14. f3 Rb8) 14... Rh5 $5
(14... Re8 15. Qd3 Nxd4 16. Bxd4 Bc6 17. g4 $14) 15. f5 $1 {Of course!} gxf5 (
15... Ne5 16. Bf4 gxf5 17. Nd5 Neg4+ 18. Kg1 Nxd5 19. exd5 Nf6 20. Qf3 $16 {
[%csl Rh5]}) 16. Nd5 Nxd5 $6 {More accurate was} (16... Ng4+ 17. Kg1 Nxe3 18.
Qxh5 Nxd5 19. Nxc6 fxe4 $1 20. Qxd5 Bxc6 21. Qg5 d5 22. c4 $13 {with unclear
position}) 17. Qxh5 Nf6 (17... Nxe3 $6 18. Nxc6 Bxc6 19. Rxe3 Bxb2 20. Rf1 $1
$14 {[%csl Rf7]}) 18. Nxc6 $1 bxc6 19. Qg5 {[%cal Gg5g8]} (19. Qh4 $5 Nxe4 20.
c3 Rb8 21. Re2 Be6 22. Bxe4 fxe4 23. Qxe4 $14) 19... fxe4 20. Bd4 $6 {[%csl
Rg5] Now it's white's turn to make a mistake, while afer} (20. Rf1 Qd8 21. Qh4
Nd5 22. Bg5 Qf8 (22... f6 23. Bxe4 $1 $18 {[%csl Rh7]}) 23. Bxe4 h6 24. Bd2 $16
{white's advantage would beome very significient}) 20... Qd8 {[%cal Gf6g4]} 21.
Rxe4 h6 22. Bxf6 hxg5 23. Bxd8 Rxd8 $14 24. c3 a5 $1 (24... Be5 25. Rb4 $1 {
[%cal Gb4b7]}) 25. Rd1 c5 (25... Be5 $2 26. Rxe5 $1 dxe5 27. Bxc6 $18 {[%cal
Gd1d8]}) 26. Rd2 Bf6 27. Bf1 $6 Rb8 {White has minimal advantage, but the most
logical outcome of the game seems to be a draw.} (27... Bc6 28. Re1 Bxa4 29.
Ra1 Bb3 30. Rxa5 $14) 28. Bc4 Kg7 {[%cal Gb8h8]} 29. Rf2 (29. Re1 Rh8 {[%csl
Rh3]}) 29... c6 30. h4 $2 {Very strange move after which white white finds
himself in troubles.} (30. Bf1 $5) 30... d5 31. Re1 gxh4 (31... dxc4 $2 32.
Ref1 gxh4 33. Rxf6 Rxb2+ 34. R1f2 Rxf2+ 35. Rxf2 hxg3+ 36. Kxg3 $14 {[%csl Ra5]
}) 32. gxh4 Bxh4 33. Rg2+ Kf8 $15 34. Rd1 (34. Reg1 Ke7) 34... Ke7 35. Bf1 Kd6
36. Kg1 Bf6 {[%cal Gf6e5]} 37. Bd3 (37. Rf2 Be5 38. Rxf7 Rxb2 $17) 37... Be5
38. Rf2 Be6 39. Rdd2 Rg8+ 40. Rg2 Rh8 41. Rdf2 Rh4 $19 {[%csl Ra4]} 42. Bf5 (
42. Bc2 d4 43. Rd2 Bd5 $19) 42... Rxa4 43. Bxe6 fxe6 44. Re2 Ra1+ 45. Kf2 a4
46. Rg5 Bf6 47. Rg6 Ke7 48. Rg1 Ra2 {[%cal Ga4a3]} 0-1

[Event "Ciocaltea Memorial"]
[Site "Bucharest"]
[Date "2001.03.12"]
[Round "9"]
[White "Vajda, Levente"]
[Black "Marin, Mihail"]
[Result "1/2-1/2"]
[WhiteElo "2454"]
[BlackElo "2604"]
[Annotator "Finkel,A"]
[PlyCount "93"]
[EventDate "2001.03.04"]
[EventType "tourn"]
[EventRounds "11"]
[EventCountry "ROU"]
[EventCategory "12"]
[SourceTitle "CBM 082"]
[Source "ChessBase"]
[SourceDate "2001.05.17"]
[SourceVersion "1"]
[SourceVersionDate "2001.05.17"]
[SourceQuality "1"]

1. e4 d6 2. d4 Nf6 3. Nc3 g6 4. h3 $5 Bg7 5. Nge2 {Very interesting idea:white
wants to play g2-g4 and to win a tempo.} c6 (5... Nbd7 6. g4 e5 7. Bg2 O-O 8.
Be3 exd4 9. Bxd4 Re8 10. O-O Nc5 11. Ng3 $14 {Bablok,M-Pljasunov,A/Koszalin
1997/EXT 2000}) (5... Nc6 $5) 6. a4 a5 (6... Nbd7 7. g4 e5 8. Bg2 O-O 9. Be3
Nb6 10. b3 exd4 11. Bxd4 Re8 12. a5 Nbd7 13. O-O $14 {Dolgener,T-Jeszenkovics,
T/HUN 1998/EXT 2000 (26)}) 7. Be3 Na6 $6 {Knight has nothng to do on a6.} 8. g4
$5 h5 $6 9. g5 Nh7 10. f4 Nb4 11. Bg2 $36 d5 $1 {Otherwise white's initiative
would be to dangerous, because black could hardly create any counterplay.} 12.
f5 $1 {White plays with greate deal of fantasy and presision till almost the
very and of the game.} (12. h4 dxe4 13. Nxe4 Bg4 14. c3 Nd5 15. Qd2 Nf8 $13)
12... gxf5 13. exd5 cxd5 (13... Nxd5 14. Nxd5 cxd5 15. h4 $14 {[%csl Rh5][%cal
Ge2f4,Gf4h5]}) 14. Nb5 (14. h4 e5 15. dxe5 Bxe5 16. O-O $14) 14... f4 15. Bxf4
Bf5 16. Nc7+ (16. O-O Bxc2 17. Qd2 Rc8 $15) 16... Kf8 17. O-O Rc8 (17... Bxc2
$6 18. Qd2 Rc8 19. Ne6+ $1 fxe6 20. Bc7+ {[%cal Gf1f8]} Kg8 21. Bxd8 Rxd8 22.
Qe3 $18) 18. c3 e5 $2 {Winning an exchange,but passing the initiative into
white's hands.} 19. dxe5 (19. Bxe5 $5 Bxe5 20. Rxf5 (20. dxe5 Qxg5 21. cxb4
Rxc7 22. Nf4 Rc4 $132) 20... Bxc7 21. cxb4 Nxg5 22. bxa5 Rg8 23. Qb3 $16) 19...
Nc2 20. e6 $1 Nxa1 21. Nd4 $1 Bxd4+ (21... Rxc7 22. Bxc7 Qxc7 23. Rxf5 $16) 22.
Qxd4 Rg8 23. exf7 Rg7 $8 (23... Kxf7 24. Bxd5+ Kf8 25. Bg3 $18 {[%cal Gf2f8,
Gf1f8]}) 24. g6 $5 {[%cal Gd4c5,Gf4h6]} ({Another promising possibility was} 
24. Qc5+ $5 Kxf7 25. Bxd5+ Kg6 26. Qb6+ Nf6 27. Rxa1 Kh7 28. Bg2 $16) 24...
Rxg6 25. Qh8+ Ke7 26. Qe5+ Be6 (26... Kxf7 27. Qxf5+ Nf6 28. Nb5 Qb6+ 29. Kh1
Rxg2 30. Kxg2 Rg8+ 31. Kh1 $18) 27. Qxh5 $5 (27. Nxe6 $5 Rxe6 28. Bg5+ Nxg5 29.
Qxg5+ Kf8 30. Qg8+ Ke7 31. f8=Q+ Qxf8 32. Qh7+ $1 Kd6 33. Rxf8 Rxf8 34. Qxb7
$16) 27... Bxf7 28. Re1+ Kd7 29. Qf5+ Kc6 30. Ne6 $2 {After this move white
will fight for the draw,while after} (30. Qxf7 $1 Rxg2+ (30... Qg8 31. Qxd5+
Qxd5 32. Nxd5 {[%cal Gd5e7]} Rxg2+ 33. Kxg2 Rg8+ 34. Kf3 $18) 31. Kxg2 Qg8+ 32.
Qxg8 Rxg8+ 33. Kf3 Ng5+ 34. Bxg5 Rxg5 35. Ne6 $18 {he is winning.}) 30... Rxe6
31. Rxe6+ Bxe6 32. Qxe6+ Kc5 33. Be3+ Kc4 34. Qg4+ d4 (34... Kb3 35. Qd1+ Kxb2
36. Qc1+ Ka2 37. Qd2+ Ka3 (37... Kb3 38. Bxd5+ Kxa4 39. Qd4+ Kb5 40. c4+ Kb4
41. c5+ Ka3 42. Bc1#) 38. Qc1+ Ka2 (38... Kxa4 39. Qxa1+ Kb5 40. Qb1+ Kc6 41.
Qxh7 $16) 39. Qd2+ Ka3 $11) 35. Bxd4 Kb3 36. Qd1+ Ka2 37. Be4 Ng5 38. Bb1+ Kxb2
39. c4+ Ka3 40. Qc1+ (40. Bc5+ $5 {[%csl Rd8]} Kb2 41. Bd4+ Ka3 $11) 40... Kxa4
41. Bc2+ Kb4 42. Qd2+ Kxc4 43. Qd3+ Kb4 44. Qd2+ Kb5 45. Qd3+ Kb4 $2 (45... Rc4
$1 46. Ba4+ Kb4 47. Bc5+ Rxc5 48. Qxd8 Nxh3+ 49. Kf1 Kxa4 50. Qd4+ Kb5 51. Qxa1
Ng5 $17) 46. Qd2+ Kb5 47. Qd3+ 1/2-1/2

[Event "NED-ch56"]
[Site "Leeuwarden"]
[Date "2001.06.29"]
[Round "8"]
[White "Tiviakov, Sergei"]
[Black "Van der Sterren, Paul"]
[Result "1-0"]
[WhiteElo "2603"]
[BlackElo "2576"]
[Annotator "Finkel,A"]
[PlyCount "117"]
[EventDate "2001.06.20"]
[EventType "tourn"]
[EventRounds "9"]
[EventCountry "NED"]
[EventCategory "12"]
[SourceTitle "CBM 084"]
[Source "ChessBase"]
[SourceDate "2001.09.13"]
[SourceVersion "1"]
[SourceVersionDate "2001.09.13"]
[SourceQuality "1"]

1. e4 d6 2. d4 Nf6 3. Nc3 g6 4. Bg5 c6 5. Qd2 b5 6. Bd3 Nbd7 7. f4 Nb6 (7... b4
8. Nce2 Qb6 9. Nf3 Bg7 10. e5 Nd5 11. Bc4 a5 12. exd6 f6 13. Bh4 exd6 14. f5
$36 {Giorgadze,T-Maciejewski,A/Polanica Zdroj 1976/MCL}) 8. Nf3 (8. e5 Nfd5 9.
Ne4 f6 10. Bh4 Bh6 11. exf6 exf6 12. Ne2 O-O 13. O-O Be6 14. c3 Qd7 $13 {
Kupreichik,V-Gipslis,A/URS 1969/URS-ch}) 8... Bg7 9. O-O Nc4 $6 {This move
appears to be a novelty, but it doesn't look very logical and it's hard to
believe that black may get sufficient counterplay after it.} (9... b4 10. Ne2
c5 11. dxc5 dxc5 12. e5 Ng4 13. h3 Nh6 14. Qe3 Qc7 15. Bb5+ Kf8 16. Bd3 f6 17.
Bh4 Nf5 18. Bxf5 Bxf5 19. Ng3 $14 {Gofshtein,L-Kantsler,B/Tel Aviv 1997/CBM 59}
) (9... Bg4 10. Rae1 O-O 11. f5 b4 12. Nd1 d5 13. Bxf6 Bxf6 14. e5 Bg7 15. Qf4
$16 {Boudre,J-Lorscheid,G/Torcy 1991/TD}) (9... O-O 10. e5 b4 11. Ne2 Nfd5 12.
f5 c5 13. Bh6 cxd4 14. Bxg7 Kxg7 15. Nexd4 $44 {Soltis,A-Botterill,G/Graz 1972/
MCD}) 10. Bxc4 bxc4 11. Rae1 $1 Qb6 (11... O-O 12. e5 dxe5 (12... Nd5 $2 13.
Nxd5 cxd5 14. exd6 $18 {[%csl Re7]}) 13. Nxe5 $16 {[%csl Rc4,Rc6]}) (11... d5
12. e5 Ng4 13. h3 Nh6 14. g4 (14. Bf6 $5 $14) 14... Ng8 {[%cal Gh7h5]} 15. Na4
$36) 12. e5 dxe5 13. Nxe5 O-O (13... Nd5 $2 14. Nxd5 cxd5 15. Bxe7 $1 Qxb2 (
15... Kxe7 16. Nxc4+ $18 {[%csl Rb6][%cal Ge1e7]}) 16. Ba3 $1 $18) 14. Nxc4 Qc7
15. Bxf6 $1 {Bishop is out of play on g5, while black knight was aiming to
come to d5 with some counterplay, so this exchange is absolutely justified.}
Bxf6 (15... exf6 $5) 16. Ne4 Ba6 17. b3 (17. Nxf6+ $5 exf6 18. b3 $16) 17...
Bg7 18. c3 e6 19. Qe2 Rfd8 20. Nc5 Bb5 21. Rf3 (21. a4 Bxc4 22. Qxc4 $16) 21...
Bxc4 22. bxc4 $5 {[%cal Gc5e4,Gc4c5,Ge4d6] Interesting decision: white wants
to put his knight on d6} Qb6 (22... Bf8 23. Ne4 Be7 24. Qe3 Rab8 25. Rh3 Rb2
26. f5 $1 {[%csl Rg8]} exf5 27. Qh6 $18) 23. Ne4 Rab8 24. c5 Qb2 25. Nd6 Qxe2
26. Rxe2 Rb1+ 27. Rf1 Rdb8 28. Nc4 $1 {[%csl Gb2] Taking under control square
b2 and preparing to fight for the b-file!} Kf8 (28... Bh6 29. g3) 29. Ree1 Rxe1
(29... R1b5 30. Kf2 Ke7 31. Ke3 $16 {[%cal Ge3d3,Gd3c2,Ge1b1]}) 30. Rxe1 Ke7
31. Kf2 h5 32. g3 f6 33. Ke2 Kd7 34. Kd3 Bf8 35. Kc2 Be7 36. Rb1 $1 Rxb1 (36...
Rb5 37. a4) 37. Kxb1 Bd8 38. Kc2 Bc7 39. Kd3 h4 40. Ke4 hxg3 41. hxg3 Ke7 42.
Nd2 g5 $6 (42... f5+ $5 43. Ke3 g5 $5) 43. fxg5 Bxg3 44. gxf6+ Kxf6 45. Nc4 Bc7
46. a3 a6 (46... Kf7 47. Ne5+ Bxe5 48. Kxe5 Ke7 49. c4 a6 50. a4 a5 51. d5 $18)
47. a4 $22 a5 {[%csl Ra5]} 48. Nd6 {Now, when the pawn is on a5, white
transfers d5 and wins the game.} Ke7 49. Nb7 Kd7 50. c4 Kc8 51. Nd6+ Kd7 52.
Nf7 Bg3 53. Ne5+ Kc7 54. d5 exd5+ 55. cxd5 cxd5+ 56. Kxd5 Be1 57. Nf3 $1 Bf2
58. Kc4 Kd7 59. Nd4 {[%csl Ra5][%cal Gd4b3,Gc4b5] Black is helpless against
Nb3 and Kb5 winning the pawn on a5.} 1-0